| Registos Bibliográficos associados ao registo de autoridade |
|
Etiqueta de registo: 00254nbm 2200025 450 001 2286396 003 http://id.bnportugal.gov.pt/bib/catbnp/2286396 100 ## $a20260515j18591871k y0pory01030103ba 101 0# $apor 102 ## $aPT 105 ## $ay z 000yy 106 ## $ah 200 1# $a [ Ordens de Serviço de José da Silva Mendes Leal relativas a procedimentos a adoptar
pelos funcionários em cumprimento dos regulamentos da Biblioteca, nomeadamente empréstimo
de livros, proibição da leitura fora da sala de leitura, escala de serviço da sala
de leitura durante o verão, horário da Biblioteca, inventário e recursos humanos] 210 #1 $aLisboa,$d1859-1871 215 ## $a 24 doc. ( 42 f.)$d33 cm 300 ## $aOriginais e cópias assinados por José da Silva Mendes Leal e por António José Colffs
Guimarães 321 1# $aInventário do Arquivo Histórico da Biblioteca Nacional: 1796-1950. Lisboa: BN, 1996.
P. 56-57 700 #1 $aLeal,$bJosé da Silva Mendes,$f1820-1886$363649 701 #0 $aGuimarães,$bAntónio José Colffs,$f1805-?$4070$3164377 801 #0 $aPT$bBN$gRPC 966 ## $lBN$mRESARQ$sAHBN/CR/Cx. 01/Mc. 06-01-24 971 ## $cmrosario$d20260515
Etiqueta de registo: 00254nbm 2200025 450 001 2286354 003 http://id.bnportugal.gov.pt/bib/catbnp/2286354 100 ## $a20260514j18541857k y0pory01030103ba 101 0# $apor 102 ## $aPT 105 ## $ay z 000yy 106 ## $ah 200 1# $a [ Ordens de Serviço de José Barbosa Canais, Bibliotecário-mor, relativas aos procedimentos
a adoptar pelos funcionários em cumprimento dos regulamentos da biblioteca, nomeadamente
no que respeitava ao funcionamento da Sala Leitura Geral, à saída de livros e substituição
dos livros em mau estado por outros que se encontrassem do Depósito] 210 #1 $aLisboa,$d1854-1857 215 ## $a33 doc. (4 f.)$d34 cm 300 ## $aOriginais assinados por José Barbosa Canaes, e cópia assinada por António José Colffs
Gimarães 321 1# $aInventário do Arquivo Histórico da Biblioteca Nacional: 1796-1950. Lisboa: BN, 1996.
P. 56-57 327 11 $aOrdem de Serviço determinando que o Secretário participasse ao Conselho Administrativo
da Biblioteca a convocação para uma sessão destinada à análise dos requerimentos de
Pedro António de Carvalho, candidato ao lugar de Oficial Ajudante 700 #1 $aCastelo Branco,$bJosé Barbosa Canais de Figueiredo,$f1804-1857$340523 701 #0 $aGuimarães,$bAntónio José Colffs,$f1805-?$4070$3164377 801 #0 $aPT$bBN$gRPC 966 ## $lBN$mRESARQ$sAHBN/CR/08/Cx. 01-Mc. 05-13-45 971 ## $cmrosario$d20260515
Etiqueta de registo: 00254nbm 2200025 450 001 2286439 003 http://id.bnportugal.gov.pt/bib/catbnp/2286439 100 ## $a20260515j18591888k y0pory01030103ba 101 0# $apor 102 ## $aPT 105 ## $ay z 000yy 106 ## $ah 200 1# $aOrdens de Serviço de António da Silva Túlio, Bibliotecário Mor, relativas a procedimentos
a adoptar pelos funcionários em cumprimento dos regulamentos da Biblioteca, nomeadamente,
a limpeza da bibbliotesca, escala de serviço da leirura nocturna 210 #1 $aLisboa,$d19 de Julho de 1859-28 de Março de 1888 215 ## $adoc.$d33 cm 300 ## $aoriginais assinados por António da Silva Túlio e António José Colffs Guimarães, e
cópias 321 1# $aInventário do Arquivo Histórico da Biblioteca Nacional: 1796-1950. Lisboa: BN, 1996.
P. 56-57 327 1# $aCircular convidando os "Conservadores e Oficiais da Biblioteca Nacional de Lisboa
" a acompanharem os restos mortais da Rainha (D. Estefânia, rainha consorte de D.
Pedro V)$aRelação de livros pertencentes à Biblioteca em poder do falecido Bibliotecário Mor
José da Silva Mendes Leal 700 #1 $aTúlio,$bAntónio da Silva,$f1818-1884$3165511 701 #0 $aGuimarães,$bAntónio José Colffs,$f1805-?$4070$3164377 801 #0 $aPT$bBN$gRPC
Etiqueta de registo: 00644cam 2200181 450 001 1006262 003 http://id.bnportugal.gov.pt/bib/catbnp/1006262 005 20010906160500.0 100 ## $a19991106d1850 m y0pory0103 ba 101 0# $apor 102 ## $aPT 105 ## $ay z 000yy 106 ## $ar 200 1# $aRegras para aprender a aparar pennas$fcoordenadas por A. J. C. G. 210 #9 $aLisboa$cLith. de Lopes & Bastos,$d1850 215 ## $a10 p.$d15 cm 500 10 $aRegras para aprender a aparar penas 620 ## $dLisboa 702 #0 $aGuimarães,$bAntónio José Colffs,$f1805-?$4340$3164377 801 #0 $aPT$bBN$gRPC 966 ## $lBN$mFGMON$pBiblioteca Jaime Batalha Reis$sP. 11883 P.$x3 966 ## $lBN$mFGMON$sS.A. 8438//4 V. $x0 966 ## $lBN$mFGMON$sS.A. 20337//10 P. $x0 997 ## $aBIBEOD
Etiqueta de registo: 00254nbm 2200025 450 001 2216726 003 http://id.bnportugal.gov.pt/bib/catbnp/2216726 100 ## $a20250605f1851 k y0pory01030103ba 101 0# $apor 102 ## $aPT 105 ## $ay z 000yy 106 ## $ah 200 1# $a [ Portaria do Ministério do Reino, pela qual, a Rainha, participa ao Bibliotecário-mor
da Biblioteca Pública de Lisboa, que na sequência do seu ofício sobre da conveniência
de se proceder à troca de livros de Teologia que existem em duplicado por outras obras
que a Biblioteca carece, autorizou o Concelho da Biblioteca para proceder com o Livreiro
Theodoro Key ao contrato de permutação das referidas obras, solicitando que o Bibliotecário
remeta uma relação dos livros para trocar e outra dos livros que receber, acompanhadas
dos valores] 210 #1 $a[Lisboa]$d[Ca 1851] 215 ## $a1 documento (1 f.) 300 ## $aCópia autentica assinada por Antonio José Colffs Guimarães 306 ## $aOriginal datado de Paço das Necessidades, 5 de Dezembro de 1851 321 ## $aInventário do Arquivo Histórico da Biblioteca Nacional: 1796-1950. Lisboa: BN, 1996.
P. 55 702 #0 $aGuimarães,$bAntónio José Colffs,$f1805-?$4070$3164377 710 01 $aPortugal.$bMinistério do Reino$3111548 801 #0 $aPT$bBN$gRPC 966 ## $lBN$mRESARQ$sAHBN/CR/05/Cx. 02-Mc. 08-100 971 ## $cmrosario$d20250605
Etiqueta de registo: 00254nbm 2200025 450 001 2217000 003 http://id.bnportugal.gov.pt/bib/catbnp/2217000 100 ## $a20250609f1852 k y0pory01030103ba 101 0# $apor 102 ## $aPT 105 ## $ay z 000yy 106 ## $ah 200 1# $a [ Portaria do Ministério do Reino, pela qual, a Rainha, participa que foi autorizada
a compra da Livraria do falecido D. Francisco de Mello Manuel da Câmara para ser incorporada
na Biblioteca Nacional de Lisboa, com a natureza de Bens Nacionais, e que o contrato
de compra e venda fosse feito entre o Bibliotecário-mor, José Barbosa Canais de Figueiredo
Castelo Branco e pelos legítimos proprietários da Livraria] 210 #1 $a[Lisboa]$d[Ca 1852] 215 ## $a1 documento (1 f.) 300 ## $aCópia autêntica assinada por António José Colffs Guimarães 306 ## $aOriginal datado de Paço das Necessidades, 30 de Janeiro de 1852 321 ## $aInventário do Arquivo Histórico da Biblioteca Nacional: 1796-1950. Lisboa: BN, 1996.
P. 55 702 #0 $aGuimarães,$bAntónio José Colffs,$f1805-?$4070$3164377 710 01 $aPortugal.$bMinistério do Reino$3111548 801 #0 $aPT$bBN$gRPC 966 ## $lBN$mRESARQ$sAHBN/CR/05/Cx. 02-Mc. 08-104 971 ## $cmrosario$d20250609
Etiqueta de registo: 00254nbm 2200025 450 001 2217241 003 http://id.bnportugal.gov.pt/bib/catbnp/2217241 100 ## $a20250612d1863 k y0pory01030103ba 101 0# $apor 102 ## $aPT 105 ## $ay z 000yy 106 ## $ah 200 1# $a [ Portaria do Ministério do Reino, pela qual o Rei participa ao Bibliotecário-mor
da Biblioteca Nacional de Lisboa que, com o parecer da Repartição de Contabilidade,
se deliberara abonar as despesas feitas com as obras das genealogias da Casa Real
Portuguesa, e com a compra de um livro em «língua limosina»] 210 #1 $a[Lisboa]$d[ca. 1863] 215 ## $a1 documento (1 f.) 300 ## $aCópia autentica assinada por Antonio José Colffs Guimarães 306 ## $aOriginal datado de Paço da Ajuda, 22 de Dezembro de 1863 321 ## $aInventário do Arquivo Histórico da Biblioteca Nacional: 1796-1950. Lisboa: BN, 1996.
P. 55 702 #0 $aGuimarães,$bAntónio José Colffs,$f1805-?$4070$3164377 710 01 $aPortugal.$bMinistério do Reino$3111548 801 #0 $aPT$bBN$gRPC 966 ## $lBN$mRESARQ$sAHBN/CR/05/Cx. 02-Mc. 09-121 971 ## $cmrosario$d20250617
Etiqueta de registo: 00254nbm 2200025 450 001 2219619 003 http://id.bnportugal.gov.pt/bib/catbnp/2219619 100 ## $a20250708d1841 k y0pory01030103ba 101 0# $apor 102 ## $aPT 105 ## $ay z 000yy 106 ## $ah 200 1# $a [ Relação dos periódicos que faltam do 2º e 3º trimestre de 1841] 210 #1 $aLisboa,$d Janeiro de 1839 215 ## $a2 docs (2 f.)$d30 cm 300 ## $aOriginal assinado por António José Colffs Guimarães 321 1# $aInventário do Arquivo Histórico da Biblioteca Nacional: 1796-1950. Lisboa: BN, 1996.
P. 100-101 701 #0 $aGuimarães,$bAntónio José Colffs,$f1805-?$4070$3164377 710 01 $aPortugal.$bBiblioteca Nacional de Lisboa$3992452 801 #0 $aPT$bBN$gRPC 966 ## $lBN$mRESARQ$sAHBN/AC/07/Cx. 03-Mc. 16 971 ## $cmrosario$d20250708
|
|
|